| Tag |
First Indicator |
Second Indicator |
Subfields |
| LEADER |
00000cam a2200000 4500 |
| 001 |
in00000032589 |
| 005 |
20151007061817.0 |
| 008 |
750513s1948 nyuc 00000 eng u |
| 010 |
|
|
|a 48001948
|
| 035 |
|
|
|a (OCoLC)01328929
|
| 035 |
|
|
|9 AAD3138AM
|
| 040 |
|
|
|c DZM
|d TXA
|d UtOrBLW
|
| 049 |
|
|
|a TXAM
|c [156070]
|
| 050 |
|
0 |
|a GV875.B64
|b K3
|
| 082 |
0 |
|
|a 796.357
|
| 092 |
|
|
|a 796.357
|b K11b
|
| 100 |
1 |
|
|a Kaese, Harold.
|
| 245 |
1 |
4 |
|a The Boston Braves.
|
| 264 |
|
1 |
|a New York :
|b Putnam,
|c [1948]
|
| 300 |
|
|
|a ix, 269 pages :
|b portraits ;
|c 21 cm.
|
| 336 |
|
|
|a text
|b txt
|2 rdacontent
|
| 337 |
|
|
|a unmediated
|b n
|2 rdamedia
|
| 338 |
|
|
|a volume
|b nc
|2 rdacarrier
|
| 610 |
1 |
0 |
|a Boston Braves (Baseball team)
|
| 999 |
|
|
|a MARS
|
| 999 |
f |
f |
|s c394a739-38b4-32d6-ad0c-88866eb95d92
|i 52d37390-e5d9-3401-b538-61dd413030a9
|t 0
|
| 952 |
f |
f |
|p ric
|a Texas A&M University
|b Rellis Campus
|c Joint Library Facility
|d Remote Storage
|t 0
|e GV875.B64 K3
|h Library of Congress classification
|i unmediated -- volume
|m A14801185355
|
| 998 |
f |
f |
|a GV875.B64 K3
|t 0
|l Remote Storage
|